000 00638nmm a2200253 a 4500
003 AR-BaBNM
005 20251128211513.0
008 154120s2000 ||||||||||||||000 | spa||
020 _a987-9328-08-6
040 _cAR-BaBNM
100 1 _aBosa, María del Carmen
245 1 0 _aGlobos al viento
_bantología
260 _aBuenos Aires
_bHLR
_c2000
300 _a46 p.
_bil. col.
650 4 _aLITERATURA ARGENTINA
650 4 _aLITERATURA CONTEMPORANEA
650 4 _aLIBROS PARA NINOS
650 4 _aPOESIAS
650 4 _aCUENTOS
655 _aLITERATURA
700 1 _aRodríguez, Hugo Luis
942 _cBK
998 _cEugenia
999 _c19941
_d19941